Sports Quiz

Random Sports Quiz

Champions League Winners Quiz Stats

 Plays Quiz not verified by Sporcle

Score 0/22 Timer 10:00
0 Plays Today
Hint Answer % Correct
Spanish club, 10 winsReal Madrid
100%
Spanish club, 5 winsBarcelona
100%
Italian club, 7 winsAC Milan
100%
English club, 5 winsLiverpool
100%
Dutch club, 4 winsAjax
100%
Portuguese club, 2 winsPorto
100%
Portuguese club, 2 winsBenfica
100%
Scottish club, 1 winCeltic
100%
English club, 3 winsManchester United
96.8%
German club, 5 winsBayern Munich
96.8%
Italian club, 1 winJuventus
96.8%
Hint Answer % Correct
English club, 1 winChelsea
96.8%
Dutch club, 1 winPSV
93.5%
German club, 1 winBorussia Dortmund
90.3%
Dutch club, 1 winFeyenoord
90.3%
Italian club, 3 winsInter Milan
87.1%
French club, 1 winMarseille
87.1%
English club, 2 winsNottingham Forest
87.1%
German club, 1 winHamburg
80.6%
English club, 1 winAston Villa
77.4%
Yugoslavian club, 1 winRed Star Belgrade
74.2%
Romanian club, 1 winSteaua Bucharest
67.7%

You're not logged in!

Compare scores with friends on all Sporcle quizzes.
OR
Log In

Show Comments

Extras

Top Quizzes Today


Score Distribution

Your Account Isn't Verified!

In order to create a playlist on Sporcle, you need to verify the email address you used during registration. Go to your Sporcle Settings to finish the process.

Report this User

Report this user for behavior that violates our Community Guidelines.

Details: